Statistiques concernant Jazz royalty

Cliquez ici pour prendre le quiz!

Statistiques générales

  • Ce quiz a été pris 17 fois
  • Le résultat moyen est 7 sur 20

Statistiques - réponses

Royal TitlesRéponse% Correct
"The Duke"Duke Ellington
87%
"Trane"John Coltrane
87%
"Bird" / "Yardbird"Charlie Parker
80%
"Dizzie"Dizzie Gillespie
73%
"The Prince of Darkness"Miles Davis
67%
"The First Lady (of song)"Ella Fitzgerald
60%
"Pops" / "Satchmo"Louis Armstrong
60%
"The CountCount Basie
47%
"Lady Day"Billie Holiday
40%
"Prez"Lester Young
27%
"King Bolden"Buddy Bolden
20%
"High Priest of Bop"Thelonious Monk
20%
"High priestess of Soul"Nina Simone
13%
"Sassy" / "The divine One"Sarah Vaughan
13%
"The sound"Stan Getz
13%
"The King of the Clarinet"Artie Shaw
7%
"The King of Swing"Benny Goodman
7%
"King"Joe Oliver
7%
"The Earl"Earl Hines, "Fatha"
0%
"Vice Prez"Paul Quinichette
0%

Distribution des résultats

Percentile par nombre de réponses

% des personnes avec chaque résultat

Votre développement - résultats

Vous n’avez pas pris ce quiz